000 00755nam a2200217Ia 4500
003 GCL
008 140319s9999 xx 000 0 ara d
040 _aGCL /
_cGCL
082 0 4 _a953.08
_bط م
100 1 _aطه ثلجى الطراونه
245 1 0 _aمملكة صفد فى عهد المماليك: دراسة قدمت لنيل درجة الماجستير فى كلية الاداب الحامعة الاردنية 1981 م /
_cطه ثلجى الطراونه
260 _a[S.N] :
_bدار الافاق الجديدة
300 _a402 ص
490 _a
650 0 4 _aالعالم العربى
650 0 4 _aتاريخ
650 0 4 _aدولة المماليك
650 0 4 _aالمماليك
650 0 4 _aمملكة صفد
942 _2ddc
_cBK
999 _c35320
_d35320